000
00324pam a2200157a 44500
008
230515b2008 xxu||||| |||| 00| 0 eng d
020
_a
N
041
_a
ENGLISH
082
_a
N
100
_a
ALHERFON W.H.
245
_a
WORKSHOP PRACTICE
250
_a
0
260
_a
N
_b
N/A
_c
2008
300
_a
1959
650
_a
NULL
999
_c
650950
_d
650950